000 01077cas a22003137a 4500
005 20220329142012.0
008 990119c1973 uk br p rnn 0 0b1eng d
010 _a76899
011 _a77871
022 0 _a0733-5210
035 _a87621
245 0 0 _aJournal of Cereal Science
260 0 _aLondon :
_bAcademic Press,
_c1973-
300 _av. :
_bilus.
310 _aBimensual
362 1 _av.28 n.2, 1998
590 _aBATCH-UPD
_b10
_c20130110
_lUCH01
_h0741
590 _aBATCH-UPD
_b10
_c20130410
_lUCH01
_h0423
590 _aBATCH-UPD
_b10
_c20130914
_lUCH01
_h0915
590 _aCONVERSION
_b10
_c20130109
_lUCH01
_h1342
650 1 4 _aCereales
_xPublicaciones periódicas.
_921459
866 _av. 29 n. 1 (January 1999) - v. 37 n. 3 (May 2003)
866 _av. 38 n. 1 (July 2003) - v. 38 n. 3 (November 2003)
866 _av. 43 n. 1 (January 2006) - v. 49 n. 3 (May 2009)
866 _av. 50 n. 1 (July 2009) - v. 50 n. 3 (November 2009)
866 _av.25 n.1-v.28 n.3 - (1997-1998)
901 _aSE
905 _aLilia Sánchez G.
999 _c76899
_d76899